000 00653nam a2200277Ia 4500
005 20260324121304.0
008 008 260324s9999 xx 000 0 eng d
020 _a9781315758947
037 _aEBOOK
040 _aCRL
040 _beng
040 _cCRL
041 _2eng
041 _aeng
084 _qCRL
100 _aJefferson Adams
_91161932
245 0 _aStrategic Intelligence in the Cold War and Beyond
260 _bTaylor and Francis
260 _c2014
365 _a
365 _b255
856 _uhttp://www.taylorfrancis.com/books/9781315758947
942 _cEBOOK
999 _c1753945
_d1753945